| 000 -ლიდერი |
| ფიქსირებული სიგრძის საკონტროლო ველი |
01599nam a2200241Ia 4500 |
| 001 - საკონტროლო ნომერი |
| საკონტროლო ველი |
19734 |
| 003 - საკონტროლო ნომრის იდენტიფიკატორი |
| საკონტროლო ველი |
GE_BSU |
| 005 - ბოლო ოპერაციის თარიღი და დრო |
| საკონტროლო ველი |
20200415225345.0 |
| 008 - ფიქსირებული სიგრძის მონაცემთა ელემენტები - ზოგადი ინფორმაცია |
| ფიქსირებული სიგრძის საკონტროლო ველი |
181216s2012||||ge |||||||||||||| ||geo|| |
| 020 ## - წიგნის საერთაშორისო სტანდარტული ნომერი |
| International Standard Book Number |
9789941041648 |
| 040 ## - კატალოგიზაციის წყარო |
| Transcribing agency |
GE_BSU |
| 041 ## - ენის კოდი |
| Language code of text/sound track or separate title |
geo |
| 080 ## - უნივერსალური ათობითი კლასიფიკაციის ინდექსი |
| Universal Decimal Classification number |
821.353.1-83 ო-57 |
| 245 ## - ცნობა სათაურის შესახებ |
| Title |
2 კითხვა 172 ლიტერატურისმოყვარულს : რას ეკითხებით ყველაზე ხშირად საკუთარ თავს, მაგრამ ჯერჯერობით ვერ პასუხობთ... კითხვა, რომლის პასუხი ზუსტად იცით.. : |
| Remainder of title |
კრებული / |
| Statement of responsibility, etc |
საქ. პარლამენტის ეროვნ. ბიბლიოთეკა ; წინათქმა გვანცა ჯობავა ; ბოლოთქმა იკა ქადაგიძე. |
| 264 ## - წარმოების, გამოცემის, დისტრიბუციის და სხვა ცნობები |
| გამოცემის, წარმოების, დისტრიბუციის... ადგილი |
თბილისი : |
| გამოცემის, წარმოების, დისტრიბუციის... სახელწოდება |
საქართველოს პარლამენტის ბიბლიოთეკა, |
| გამოცემის, წარმოების, დისტრიბუციის... თარიღი |
2012. |
| 300 ## - ფიზიკური აღწერა |
| Extent |
91 გვ. ; |
| Dimensions |
20 სმ. |
| 653 ## - INDEX TERM--UNCONTROLLED |
| Uncontrolled term |
ლიტერატურა |
| 653 ## - INDEX TERM--UNCONTROLLED |
| Uncontrolled term |
ლიტერატურული ინტერვიუები |
| 700 ## - ADDED ENTRY--PERSONAL NAME |
| Personal name |
ჯობავა, გვანცა |
| Relator term |
წინათქმა |
| 9 (RLIN) |
7909 |
| 700 ## - ADDED ENTRY--PERSONAL NAME |
| Personal name |
ქადაგიძე, იკა |
| Relator term |
ბოლოთქმა |
| 9 (RLIN) |
7910 |
| 710 ## - ADDED ENTRY--CORPORATE NAME |
| Corporate name or jurisdiction name as entry element |
საქართველოს პარლამენტის ეროვნული ბიბლიოთეკა |
| 9 (RLIN) |
7897 |
| 942 ## - ADDED ENTRY ELEMENTS (KOHA) |
| Koha item type |
წიგნი |
| Source of classification or shelving scheme |
|